00479nam a2200121Ia 4500008004100000082001800041245007700059260007600136300001900212942000700231999001900238952010000257230907s9999||||xx |||||||||||||| ||und|| a620.1185bIMP 0aImpact behaviour of fibre-reinforced composite materials and structures/ aCRC Press ; | Woodhead Pub.,bBoca Raton : | Cambridge, England :c2000 axiii, 303 p. : cBK c600813d600813 00104070aCAS-EbCAS-Ed2019-09-30l0o620.1185 IMPpCAS-E0004912r2023-09-12w2023-09-12yBK